Food and nutrition : sustainable food and health systems

Bibliographic Details
Other Authors: Gallegos, D (Editor)
Format: Book
Language:English
Published: London : Routledge ©2020
Edition:Fourth Edition
Subjects:

MARC

LEADER 00000cam a2200000 7i4500
001 0000102829
005 20251104.0
008 241216s2020 xxu eng
020 |a 9781760296100 
040 |a UniSZA   |e rda 
050 0 0 |a RC1080   |b .F66 2020 
090 0 0 |a RC1080   |b .F66 2020 
245 1 0 |a Food and nutrition :   |b sustainable food and health systems   |c edited by Mark L. Wahlqvis, Danielle Gallegos 
250 |a Fourth Edition 
264 1 |a London :   |b Routledge   |c ©2020 
264 4 |c ©2020 
300 |a xvii, 733 pages :   |b illustrations (some color) ;   |c 25 cm. 
336 |a text  |2 rdacontent 
337 |a unmediated  |2 rdamedia 
338 |a volume  |2 rdacarrier 
504 |a Includes bibliographical references and index (pages [705]-733) 
505 0 |a 1. Your Professional Toolkit -- 2. Food Systems -- 3. Food, Nutrients & Bioactive Components -- 4. Nutrition Across the Life-Course -- 5. Nutrition Assessment, Monitoring & Surveillance -- 6. Food, Environment & Society -- 7. Nutritional Biology & Ecohealth Disorders -- 
650 0 |a Food supply 
650 0 |a Nutrition 
700 1 |a Gallegos, D ,   |e editor 
999 |a 1000187850   |b Red Spot   |c Open Shelf (1 Day)   |e Tembila Campus 
999 |a 1000187851   |b Book   |c OPEN SHELF (30 DAYS)   |e Tembila Campus 
999 |a 1000187852   |b Book   |c OPEN SHELF (30 DAYS)   |e Tembila Campus